000 00491nam a2200181Ia 4500
001 123
005 20240113233356.0
007 ta
008 041201s a g b000 u u
082 _a581`4
_bVa 42 In
100 _aVarghese,, T.M. .
245 0 _aIntroduction to the Anatomy of Angiosperms /
_cVarghese, T.M..
_hTextual Documents
260 _aCalcatta :
_bAllied Publishing Ltd ,
_c1990.
300 _a209p. :
_bill ;
653 _aBotany
942 _2ddc
_cBK
999 _c123
_d123